000 00530nmm a2200193Ia 4500
008 251105s9999||||xx |||||||||||||||||und||
020 _a9788433979179
041 _aspa
100 _aZulaika, Jaime
245 0 _aVida de familia
264 _a[Madrid, España] :
_bEditorial Anagrama,
_c2015
300 _a192 páginas
490 _aPanorama de narrativas
650 _aOther narratives
700 _aZulaika, Jaime
700 1 _a Sharma, Akhil
856 _uhttps://public.digitaliapublishing.com/a/42077
942 _cCF
999 _c72881
_d72881